000 00822nam a2200241 c 4500
003 BLK
005 20190913121145.0
008 180911b bul|||||r ||||||| ||bul||
010 _a001521
040 _aBLK
041 _aBUL
080 _z329(470)(063)
100 1 _aМАЛЕНКОВ, Генадий
_eпърви автор
245 0 0 _aОтчетен доклад на Централния комитет на ВКП/б/ пред ХIХ конгрес на партията
260 _aСофия
_bБКП
_c1952
300 _a96 с
_c20 см
380 _a0
490 _aЧастна колекция - Академик Михаил Арнаудов
_gДарение - Основен фонд
655 _aПолитика
700 1 _aГ. М. Маленков
852 _aМА 2829
942 _cKNG
_n0
944 _aCR
_c1994
999 _c341888
_d341888